000 00645 a2200253 4500
260 _aRome.
711 _d28 Février-04 Mars 1983.
711 _cRome.
440 _n284
260 _bFAO.
245 _aRapport du groupe de travail du CCRRM sur l'aménagement des ressources biologiques dans les eaux côtières tropicales.
300 _aV-24p.
260 _c1983
130 _lFr.
440 _aFao-Rapport sur les pêches.
710 _aFAO.
710 _aCCRRM.
711 _aRapport du groupe de travail CCRRM.
690 _aaménagement
690 _aeau.
020 _a92-5-201393-8
999 _c26767
_d26767